• 首页
  • 本馆介绍
  • 公告通知
  • 最新文献
  • 馆藏检索
  • 电子资源
  • 读者导购
  • 参考咨询
  • 我的图书馆
  • 登录
  • 详细信息显示
  • 放入我的书架
  • 预约/预借图书
  • 作者相关作品
  • 分类相关作品
  • 丛书相关作品
  • 出版社相关作品

书目信息

  • 表格格式
  • 工作单格式
  • 卡片格式
题名:
标准化健康养泥鳅
    
 
作者: 张金平 , 杨军 , 冯德品 主编
分册:  
出版信息: 北京   化学工业出版社  2016.05
页数: 266页
开本: 21cm
丛书名: 池塘标准化养殖致富丛书
单 册:
中图分类: S966.4
科图分类:
主题词: 泥鳅--淡水养殖--标准化管理
电子资源:
ISBN: 978-7-122-26667-5
000 01109oam2 2200265 450
001 4617
005 20181012142123.56
010    @a978-7-122-26667-5@dCNY38.00
100    @a20160713d2016 em y0chiy50 ea
101 0  @achi
102    @aCN@b110000
105    @aa z 000yy
200 1  @a标准化健康养泥鳅@9biao zhun hua jian kang yang ni qiu@f张金平,杨军,冯德品主编
210    @a北京@c化学工业出版社@d2016.05
215    @a266页@c彩图@d21cm
225 1  @a池塘标准化养殖致富丛书
330    @a本书在泥鳅生物学和生态学知识的基础上,重点介绍了泥鳅的人工繁殖、标准化健康养殖和病害防治等方面的新成果、新技术,全书概述了池塘选址与建造;泥鳅的生物学特征;泥鳅的人工繁殖技术;泥鳅的营养需求及饵料培育;标准化健康养殖技术与各种高效益养殖模式;泥鳅标准化健康养殖的质量要求;泥鳅疾病防控;捕捞与运输;泥鳅的药用与食用等。
461  0 @12001 @a池塘标准化养殖致富丛书
606 0  @a泥鳅@x淡水养殖@x标准化管理
690    @aS966.4@v5
701  0 @a张金平@9zhang jin ping@4主编
701  0 @a杨军@9yang jun@4主编
701  0 @a冯德品@9feng de pin@4主编
801  0 @aCN@b91MARC@c20160804
905    @aMuseLib@dS966.4@e53
    
    标准化健康养泥鳅/张金平,杨军,冯德品主编.-北京:化学工业出版社,2016.05
    266页:彩图;21cm.-(池塘标准化养殖致富丛书)
    
    
    ISBN 978-7-122-26667-5:CNY38.00
    本书在泥鳅生物学和生态学知识的基础上,重点介绍了泥鳅的人工繁殖、标准化健康养殖和病害防治等方面的新成果、新技术,全书概述了池塘选址与建造;泥鳅的生物学特征;泥鳅的人工繁殖技术;泥鳅的营养需求及饵料培育;标准化健康养殖技术与各种高效益养殖模式;泥鳅标准化健康养殖的质量要求;泥鳅疾病防控;捕捞与运输;泥鳅的药用与食用等。
●
相关链接 在E读中查询图书 在五车中查询图书 在当当中查询图书 在豆瓣中查询图书


正题名:标准化健康养泥鳅     索取号:S966.4/53         预约/预借

序号 登录号 条形码 馆藏地/架位号 状态 备注
1 1125996   211259966   第二样本阅览室/ [索取号:S966.4/53] 在馆    
2 1125997   211259975   第三借阅区/ [索取号:S966.4/53] 在馆    
3 1125998   211259984   第三借阅区/ [索取号:S966.4/53] 在馆    
4 1125999   211259993   第三借阅区/ [索取号:S966.4/53] 在馆    
5 1126000   211260008   密集书库-生命科学系/ [索取号:S966.4/53] 在馆    
唐山师范学院图书馆 欢迎您!
大连网信软件有限公司© 版权所有